000 00327nam a2200133Ia 4500
008 151213s9999 xx 000 0 und d
020 _a984-643-065-0
245 _aGuinness World Record 2011
260 _aUK
_bThe Jim Pattison Group
_c2010
300 _a11802 p.
650 _aReference
650 _aReference
999 _c5045
_d5045